Probability and Statistics for Engineers / (Record no. 14843)

MARC details
000 -LEADER
fixed length control field 01181nac a22003251i 4500
003 - CONTROL NUMBER IDENTIFIER
control field EG-ScBUE
005 - DATE AND TIME OF LATEST TRANSACTION
control field 20241030144739.0
008 - FIXED-LENGTH DATA ELEMENTS--GENERAL INFORMATION
fixed length control field 101125t2011 maua f b 001 0 eng d
020 ## - INTERNATIONAL STANDARD BOOK NUMBER
International Standard Book Number 9780538735902
020 ## - INTERNATIONAL STANDARD BOOK NUMBER
International Standard Book Number 0538735902
040 ## - CATALOGING SOURCE
Original cataloging agency EG-ScBUE
Language of cataloging eng
Description conventions rda
Transcribing agency EG-ScBUE
Modifying agency EG-ScBUE
082 04 - DEWEY DECIMAL CLASSIFICATION NUMBER
Classification number 519.202462
Item number SCH
Edition number 22
100 1# - MAIN ENTRY--PERSONAL NAME
Personal name Scheaffer, Richard L.,
Relator term author.
9 (RLIN) 21281
245 10 - TITLE STATEMENT
Title Probability and Statistics for Engineers /
Statement of responsibility, etc Richard L. Scheaffer, University of Florida, Madhuri S. Mulekar, University of South Alabama, James T. McClave, Infotech, Inc.
250 ## - EDITION STATEMENT
Edition statement Fifth edition.
250 ## - EDITION STATEMENT
Edition statement International edition.
264 #1 - PUBLICATION, DISTRIBUTION, ETC. (IMPRINT)
Place of publication, distribution, etc Boston, MA :
Name of publisher, distributor, etc Brooks/ Cole,
Date of publication, distribution, etc [2011]
264 #4 - PUBLICATION, DISTRIBUTION, ETC. (IMPRINT)
Date of publication, distribution, etc c2011
300 ## - PHYSICAL DESCRIPTION
Extent xv, 818 pages :
Other physical details illustrations ;
Dimensions 35 cm
336 ## - CONTENT TYPE
Source rdacontent
Content type term text
Content type code txt
337 ## - MEDIA TYPE
Media type term unmediated
Source rdamedia
Media type code n
338 ## - CARRIER TYPE
Carrier type term volume
Carrier type code nc
Source rdacarrier
504 ## - BIBLIOGRAPHY, ETC. NOTE
Bibliography, etc Includes bibliographical references and index.
650 #7 - SUBJECT ADDED ENTRY--TOPICAL TERM
Topical term or geographic name as entry element Statistics.
Source of heading or term BUEsh
9 (RLIN) 21282
650 #7 - SUBJECT ADDED ENTRY--TOPICAL TERM
Topical term or geographic name as entry element Probabilities.
Source of heading or term BUEsh
9 (RLIN) 21283
655 ## - INDEX TERM--GENRE/FORM
Form subdivision Reading book
700 1# - ADDED ENTRY--PERSONAL NAME
Personal name Mulekar, Madhuri S,
Relator term author.
9 (RLIN) 21284
700 1# - ADDED ENTRY--PERSONAL NAME
Personal name McClave, James T.,
Relator term author.
9 (RLIN) 21285
942 ## - ADDED ENTRY ELEMENTS (KOHA)
Koha item type Book - Borrowing
Source of classification or shelving scheme Dewey Decimal Classification
Holdings
Withdrawn status Lost status Source of classification or shelving scheme Damaged status Not for loan Collection code Home library Current library Shelving location Date acquired Source of acquisition Total Checkouts Full call number Barcode Date last seen Price effective from Koha item type Total Renewals Date checked out
    Dewey Decimal Classification     Baccah Central Library Central Library First floor 25/11/2010 Purchase   519.202462 SCH 000022609 15/07/2025 25/11/2010 NB - Book (Non borrowing)    
    Dewey Decimal Classification     Baccah Central Library Central Library First floor 25/11/2010 Purchase 4 519.202462 SCH 000022610 15/07/2025 25/11/2010 Book - Borrowing 34 12/10/2016
    Dewey Decimal Classification     Baccah Central Library Central Library First floor 25/11/2010 Purchase 5 519.202462 SCH 000022611 15/07/2025 25/11/2010 Book - Borrowing 26 18/11/2017